Workers in society : (Record no. 125773)
[ view plain ]
| 000 -LEADER | |
|---|---|
| fixed length control field | 01170cam a2200361 a 4500 |
| 001 - CONTROL NUMBER | |
| control field | 572781 |
| 003 - CONTROL NUMBER IDENTIFIER | |
| control field | ARRUPE |
| 005 - DATE AND TIME OF LATEST TRANSACTION | |
| control field | 20161207083347.0 |
| 008 - FIXED-LENGTH DATA ELEMENTS--GENERAL INFORMATION | |
| fixed length control field | 870615s1981 rur b 001 0 eng |
| 010 ## - LIBRARY OF CONGRESS CONTROL NUMBER | |
| LC control number | 81191844 |
| 015 ## - NATIONAL BIBLIOGRAPHY NUMBER | |
| National bibliography number | USSR*** |
| 035 ## - SYSTEM CONTROL NUMBER | |
| System control number | (OCoLC)8053156 |
| 035 ## - SYSTEM CONTROL NUMBER | |
| System control number | (OCoLC)ocm08053156 |
| 035 ## - SYSTEM CONTROL NUMBER | |
| System control number | (CStRLIN)NYCG87-B52574 |
| 035 ## - SYSTEM CONTROL NUMBER | |
| System control number | (NNC)572781 |
| 040 ## - CATALOGING SOURCE | |
| Transcribing agency | DLC |
| 041 1# - LANGUAGE CODE | |
| Language code of text/sound track or separate title | engrus |
| 050 0# - LIBRARY OF CONGRESS CALL NUMBER | |
| Classification number | HD4854.T518 |
| 082 0# - DEWEY DECIMAL CLASSIFICATION NUMBER | |
| Classification number | 305.5/6 |
| Edition number | 19 |
| 090 ## - LOCALLY ASSIGNED LC-TYPE CALL NUMBER (OCLC); LOCAL CALL NUMBER (OCLC) | |
| Classification number (OCLC) (R) ; Classification number, CALL (RLIN) (NR) | HD4854 |
| Local cutter number (OCLC) ; Book number/undivided call number, CALL (RLIN) | .T518 |
| 300 ## - PHYSICAL DESCRIPTION | |
| Dimensions | 21 cm. |
| 100 1# - MAIN ENTRY--PERSONAL NAME | |
| Personal name | Timofeev, T. T. |
| Fuller form of name | (Timur Timofeevich) |
| 9 (RLIN) | 27601 |
| 245 10 - TITLE STATEMENT | |
| Title | Workers in society : |
| Remainder of title | polemical essays / |
| Statement of responsibility, etc | Timur Timofeyev ; [translated from the Russian by David Fidlon and Dudley Hagen]. |
| 260 ## - PUBLICATION, DISTRIBUTION, ETC. (IMPRINT) | |
| Place of publication, distribution, etc | Moscow : |
| Name of publisher, distributor, etc | Progess Publishers, |
| Date of publication, distribution, etc | 1981. |
| 300 ## - PHYSICAL DESCRIPTION | |
| Extent | 319 p. ; |
| 504 ## - BIBLIOGRAPHY, ETC. NOTE | |
| Bibliography, etc | Includes bibliographical references and indexes. |
| 650 #0 - SUBJECT ADDED ENTRY--TOPICAL TERM | |
| Topical term or geographic name as entry element | Working class |
| General subdivision | History |
| Chronological subdivision | 20th century. |
| 9 (RLIN) | 27602 |
| 650 #0 - SUBJECT ADDED ENTRY--TOPICAL TERM | |
| Topical term or geographic name as entry element | Communism |
| General subdivision | History. |
| Chronological subdivision | 20th century . |
| 9 (RLIN) | 12212 |
| 650 #0 - SUBJECT ADDED ENTRY--TOPICAL TERM | |
| Topical term or geographic name as entry element | Communism and society |
| General subdivision | History |
| Chronological subdivision | 20th century. |
| 9 (RLIN) | 27603 |
| 700 ## - ADDED ENTRY--PERSONAL NAME | |
| Personal name | Fidlon, David |
| Relator term | tr. |
| 9 (RLIN) | 27972 |
| 700 ## - ADDED ENTRY--PERSONAL NAME | |
| Personal name | Hagen, Dudley |
| Relator term | tr. |
| 9 (RLIN) | 27973 |
| 942 ## - ADDED ENTRY ELEMENTS (KOHA) | |
| Source of classification or shelving scheme | Library of Congress Classification |
| Koha item type | Monograph ( Printed materials) |
| Withdrawn status | Lost status | Source of classification or shelving scheme | Damaged status | Not for loan | Collection code | Home library | Current library | Shelving location | Date acquired | Total Checkouts | Full call number | Barcode | Date last seen | Price effective from | Koha item type |
|---|---|---|---|---|---|---|---|---|---|---|---|---|---|---|---|
| Library of Congress Classification | Main Collection | ARRUPE LIBRARY | ARRUPE LIBRARY | Main Collection | 28/11/2016 | HD4854.T518 | 46500010505 | 08/05/2018 | 28/11/2016 | Monograph ( Printed materials) |